Şiiri Şiirle Ölçmek Şiir Üzerine Yazılar, Söyleşiler, Soruşturmalar (Record no. 1255)

000 -LEADER
fixed length control field 00619nam a22001937a 4500
008 - FIXED-LENGTH DATA ELEMENTS--GENERAL INFORMATION
fixed length control field 170407b xxu||||| |||| 00| | tur d
020 ## - INTERNATIONAL STANDARD BOOK NUMBER
International Standard Book Number 9789750815225
041 ## - LANGUAGE CODE
Language code of text/sound track or separate title Türkçe
050 ## - LIBRARY OF CONGRESS CALL NUMBER
Classification number PL248.C345
100 ## - MAIN ENTRY--PERSONAL NAME
Personal name Cansever, Edip
9 (RLIN) 361
245 ## - TITLE STATEMENT
Title Şiiri Şiirle Ölçmek Şiir Üzerine Yazılar, Söyleşiler, Soruşturmalar
Statement of responsibility, etc. Haz.: Devrim Dirlikyapan
250 ## - EDITION STATEMENT
Edition statement 1. Baskı
260 ## - PUBLICATION, DISTRIBUTION, ETC.
Place of publication, distribution, etc. İstanbul
Name of publisher, distributor, etc. Yapı Kredi Yayınları
Date of publication, distribution, etc. Şubat 2009
300 ## - PHYSICAL DESCRIPTION
Extent 375 sayfa
500 ## - GENERAL NOTE
General note Yapı Kredi Yayınları: 2835; Edebiyat: 847
650 #0 - SUBJECT ADDED ENTRY--TOPICAL TERM
9 (RLIN) 145
Topical term or geographic name entry element Türk Edebiyatı
700 ## - ADDED ENTRY--PERSONAL NAME
9 (RLIN) 744
Personal name Devrim Dirlikyapan
942 ## - ADDED ENTRY ELEMENTS (KOHA)
Source of classification or shelving scheme
Koha item type Books
Holdings
Withdrawn status Lost status Source of classification or shelving scheme Damaged status Not for loan Permanent Location Current Location Shelving location Date acquired Full call number Barcode Date last seen Price effective from Koha item type
        Ödünç verilemez İmren Ahmet Tüzün Kütüphanesi İmren Ahmet Tüzün Kütüphanesi Ahmet Tüzün 2017-08-17 PL248.C345 100100001233 2017-08-17 2017-08-17 Books

This software was implemented, installed and managed by Devinim Software Training Consulting .